Z jakiego kraju pochodzi to danie? - Statystyki

Ogólne statystyki
  • Ten quiz został rozwiązany 540 razy
  • Średni wynik to 15 z 30
Statystyki odpowiedzi
Potrawa Kraj % Poprawnych
Sznycel wiedeński Austria
97%
Tacos Meksyk
95%
Bigos Polska
94%
Doner kebap Turcja
91%
Spaghetti Włochy
89%
Kaczka po pekińsku Chiny
84%
Żeberka barbecue Stany Zjednoczone
82%
Golonka po bawarsku Niemcy
80%
Gulasz Węgry
76%
Barszcz Ukraina
72%
Paella Hiszpania
67%
Ramen Japonia
64%
Knedliki Czechy
63%
Strogonow Rosja
62%
Pad Thai Tajlandia
52%
Gulasz Pot-au-feu Francja
51%
Yorkshire pudding Anglia
50%
Zupa Pho Wietnam
46%
Kimchi Korea Południowa
45%
Mule z frytkami Belgia
27%
Francesinha Portugalia
26%
Haggis Szkocja
21%
Poutine Kanada
20%
Falafel Izrael
18%
Colcannon Irlandia
11%
Pavlova Australia
9%
Nasi lemak Malezja
8%
Fasolada Grecja
7%
Kuskus Algieria
6%
Asado Argentyna
6%
Nie znaleziono quizów pasujących do podanych kryteriów
Rozkład punktacji
Procent ludzi z każdym wynikiem
Percentyl według liczby udzielonych odpowiedzi
Twoja historia wyników
Nie rozwiązałeś tego quizu